000 00395nam a2200157Ia 4500
100 _aGorell/Ro
650 _aOptimizing
942 _cBK
366 _f20
654 _agroup coaching
245 _aGroup coaching:Practical guide ot optimizing collective talent in any organization
260 _bKogan Page
_c2013
082 _a658.3124
_bGOR
300 _a209
546 _aENGLISH
_cInfo.Tech
999 _c32801
_d32801